[Event "Stay Safe Play From Home 275"]
[Site "Emanuel Lasker Arena"]
[Date "2020.07.03"]
[Round "9"]
[White "The Next Contender"]
[Black "AChessPlayer"]
[Result "0-1"]
[WhiteElo "2024"]
[BlackElo "2443"]
[PlyCount "80"]
[EventDate "2020.07.03"]
[EventType "swiss (blitz)"]

1. d4 {[%emt 0:00:03]} c6 {[%emt 0:00:00]} 2. c4 {[%emt 0:00:01]} d5 {[%emt 0:00:00]} 3. Nf3 {[%emt 0:00:01]} Nf6 {[%emt 0:00:01]} 4. e3 {[%emt 0:00:00]} e6 {[%emt 0:00:00]} 5. g3 {[%emt 0:00:01]} Be7 {[%emt 0:00:00]} 6. Bg2 {[%emt 0:00:00]} O-O {[%emt 0:00:01]} 7. O-O {[%emt 0:00:00]} Nbd7 {[%emt 0:00:00]} 8. c5 {[%emt 0:00:01]} b6 {[%emt 0:00:00]} 9. b4 {[%emt 0:00:01]} a5 {[%emt 0:00:01]} 10. bxa5 {[%emt 0:00:00]} bxc5 {[%emt 0:00:01]} 11. Bd2 {[%emt 0:00:02]} Ba6 {[%emt 0:00:01]} 12. dxc5 {[%emt 0:00:01]} Bxf1 {[%emt 0:00:02]} 13. Bxf1 {[%emt 0:00:02]} Nxc5 {[%emt 0:00:00]} 14. Nd4 {[%emt 0:00:01]} Qc7 {[%emt 0:00:02]} 15. Nc3 {[%emt 0:00:01]} Rfb8 {[%emt 0:00:00]} 16. Rc1 {[%emt 0:00:02]} Nb7 {[%emt 0:00:01]} 17. Ncb5 {[%emt 0:00:02]} Qd7 {[%emt 0:00:02]} 18. Nxc6 {[%emt 0:00:01]} Rc8 {[%emt 0:00:00]} 19. Nbd4 {[%emt 0:00:06]} Bf8 {[%emt 0:00:02]} 20. Bb5 {[%emt 0:00:01]} Nd6 {[%emt 0:00:02]} 21. Ba4 {[%emt 0:00:06]} Nc4 {[%emt 0:00:10]} 22. Ne5 {[%emt 0:00:02]} Qd6 {[%emt 0:00:01]} 23. Nxc4 {[%emt 0:00:09]} dxc4 {[%emt 0:00:00]} 24. Nb5 {[%emt 0:00:01]} Qc5 {[%emt 0:00:02]} 25. Qe1 {[%emt 0:00:01]} Rcb8 {[%emt 0:00:02]} 26. Nd4 {[%emt 0:00:02]} e5 {[%emt 0:00:01]} 27. Nc6 {[%emt 0:00:01]} Rc8 {[%emt 0:00:01]} 28. Bb4 {[%emt 0:00:02]} Qd5 {[%emt 0:00:00]} 29. Ne7+ {[%emt 0:00:01]} Bxe7 {[%emt 0:00:01]} 30. Bxe7 {[%emt 0:00:00]} Ne4 {[%emt 0:00:02]} 31. Qd1 {[%emt 0:00:01]} Qxd1+ {[%emt 0:00:01]} 32. Rxd1 {[%emt 0:00:00]} c3 {[%emt 0:00:00]} 33. Rc1 {[%emt 0:00:01]} Nd2 {[%emt 0:00:01]} 34. Bg5 {[%emt 0:00:02]} Rxa5 {[%emt 0:00:01]} 35. Bd7 {[%emt 0:00:01]} e4 {[%emt 0:00:00]} 36. Bf5 {[%emt 0:00:00]} Rxf5 {[%emt 0:00:01]} 37. g4 {[%emt 0:00:01]} Rxg5 {[%emt 0:00:00]} 38. h4 {[%emt 0:00:00]} Rxg4+ {[%emt 0:00:00]} 39. Kh2 {[%emt 0:00:00]} Nf3+ {[%emt 0:00:00]} 40. Kh3 {[%emt 0:00:01]} Rxh4+ {[%emt 0:00:00] Time (Lag: Av=0.79s, max=1.6s)} 0-1

[Event "Stay Safe Play From Home 275"]
[Site "Emanuel Lasker Arena"]
[Date "2020.07.03"]
[Round "9"]
[White "Trotsky"]
[Black "BrainThinker22"]
[Result "0-1"]
[WhiteElo "1625"]
[BlackElo "2377"]
[Annotator "NA"]
[PlyCount "88"]
[EventDate "2020.07.03"]
[EventType "swiss (blitz)"]

1. d4 {[%emt 0:00:01]} c5 {[%emt 0:00:01]} 2. e3 {[%emt 0:00:00]} cxd4 {[%emt 0:00:00]} 3. exd4 {[%emt 0:00:01]} d5 {[%emt 0:00:00]} 4. c4 {[%emt 0:00:00]} Nc6 {[%emt 0:00:00]} 5. Be3 {[%emt 0:00:01]} Nf6 {[%emt 0:00:01]} 6. a3 {[%emt 0:00:00]} e6 {[%emt 0:00:00]} 7. Nc3 {[%emt 0:00:00]} a6 {[%emt 0:00:01]} 8. c5 {[%emt 0:00:00]} Be7 {[%emt 0:00:00]} 9. Bd3 {[%emt 0:00:01]} O-O {[%emt 0:00:00]} 10. Qc2 {[%emt 0:00:00]} h6 {[%emt 0:00:01]} 11. Nf3 {[%emt 0:00:00]} Bd7 {[%emt 0:00:01]} 12. h4 {[%emt 0:00:00]} Rc8 {[%emt 0:00:00]} 13. Ng5 {[%emt 0:00:00]} e5 {[%emt 0:00:04]} 14. f3 {[%emt 0:00:04]} exd4 {[%emt 0:00:02]} 15. Bh7+ {[%emt 0:00:02]} Kh8 {[%emt 0:00:02]} 16. O-O-O {[%emt 0:00:01]} dxe3 {[%emt 0:00:02]} 17. Nxd5 {[%emt 0:00:04]} Nxd5 {[%emt 0:00:02]} 18. Bg8 {[%emt 0:00:01]} g6 {[%emt 0:00:05]} 19. Bxf7 {[%emt 0:00:01]} Bxg5 {[%emt 0:00:02]} 20. Qxg6 {[%emt 0:00:04]} e2+ {[%emt 0:00:07]} 21. hxg5 {[%emt 0:00:03]} exd1=Q+ {[%emt 0:00:01]} 22. Rxd1 {[%emt 0:00:01]} Qxg5+ {[%emt 0:00:02]} 23. Qxg5 {[%emt 0:00:04]} hxg5 {[%emt 0:00:00]} 24. Rh1+ {[%emt 0:00:01]} Kg7 {[%emt 0:00:01]} 25. Bxd5 {[%emt 0:00:01]} Rh8 {[%emt 0:00:01]} 26. Re1 {[%emt 0:00:02]} Rce8 {[%emt 0:00:02]} 27. Rd1 {[%emt 0:00:01]} Bf5 {[%emt 0:00:02]} 28. Kd2 {[%emt 0:00:02]} Rd8 {[%emt 0:00:02]} 29. Kc3 {[%emt 0:00:01]} Ne7 {[%emt 0:00:02]} 30. Kc4 {[%emt 0:00:04]} Rxd5 {[%emt 0:00:01]} 31. Rxd5 {[%emt 0:00:01]} Be6 {[%emt 0:00:00]} 32. b4 {[%emt 0:00:02]} Bxd5+ {[%emt 0:00:01]} 33. Kd4 {[%emt 0:00:02]} Rh4+ {[%emt 0:00:00]} 34. Ke5 {[%emt 0:00:02]} Kf7 {[%emt 0:00:00]} 35. g4 {[%emt 0:00:01]} Rh3 {[%emt 0:00:01]} 36. f4 {[%emt 0:00:01]} Re3+ {[%emt 0:00:01]} 37. Kd4 {[%emt 0:00:02]} Re4+ {[%emt 0:00:00]} 38. Kd3 {[%emt 0:00:01]} gxf4 {[%emt 0:00:00]} 39. g5 {[%emt 0:00:01]} f3 {[%emt 0:00:00]} 40. g6+ {[%emt 0:00:01]} Kxg6 {[%emt 0:00:00]} 41. b5 {[%emt 0:00:01]} f2 {[%emt 0:00:00]} 42. bxa6 {[%emt 0:00:00]} f1=Q+ {[%emt 0:00:00]} 43. Kc3 {[%emt 0:00:02]} Qf3+ {[%emt 0:00:01]} 44. Kb2 {[%emt 0:00:01]} Re2+ {[%emt 0:00:00] Âðåìÿ (Lag: Av=0.56s, max=1.5s) .} 0-1